[Event "2nd Yerevan Open"]
[Site "?"]
[Date "2017.09.23"]
[Round "5.1"]
[White "Mikaelyan, Arman"]
[Black "Grigoryan, Karen H"]
[Result "1/2-1/2"]
[WhiteElo "2474"]
[BlackElo "2568"]
[PlyCount "44"]
[EventDate "2017.??.??"]
[TimeControl "6000+895"]
[WhiteClock "0:37:59"]
[BlackClock "0:37:39"]

1. d4 g6 2. e4 Bg7 3. Nf3 d6 4. Bc4 c6 5. Bb3 Nf6 6. Qe2 O-O 7. O-O Bg4 8. Nbd2
d5 9. e5 Ne8 10. h3 Bc8 11. Rd1 b6 12. Nf1 Ba6 13. Qe1 e6 14. N1h2 c5 15. dxc5
bxc5 16. c4 d4 17. Qe4 Nd7 18. Bg5 Qb8 19. Be7 Nxe5 20. Bxc5 Nd6 21. Bxd6 Qxd6
22. Nxe5 Qxe5 1/2-1/2

[Event "2nd Yerevan Open"]
[Site "?"]
[Date "2017.09.23"]
[Round "5.2"]
[White "Gabuzyan, Hovhannes"]
[Black "Melkumyan, Hrant"]
[Result "1/2-1/2"]
[WhiteElo "2573"]
[BlackElo "2642"]
[PlyCount "59"]
[EventDate "2017.??.??"]
[TimeControl "6000+660"]
[WhiteClock "0:44:13"]
[BlackClock "0:21:38"]

1. g3 d5 2. Nf3 Nf6 3. Bg2 g6 4. c4 c6 5. b3 Bg7 6. Bb2 O-O 7. O-O a5 8. a3 Bg4
9. d3 Nbd7 10. Nbd2 Bxf3 11. Nxf3 e6 12. Qc2 Qe7 13. e3 Ne8 14. d4 Nd6 15. c5
Nb5 16. Rfe1 e5 17. dxe5 Qxc5 18. Qd2 Rfe8 19. Rac1 Qe7 20. a4 Nc7 21. Bc3 Nc5
22. Nd4 Bxe5 23. Bxa5 Rxa5 24. Qxa5 Nd3 25. Nf3 Nxe1 26. Nxe1 Bd6 27. Nd3 Na6
28. Qd2 Nc5 29. Nxc5 Bxc5 30. Qc3 1/2-1/2

[Event "2nd Yerevan Open"]
[Site "?"]
[Date "2017.09.23"]
[Round "5.4"]
[White "Pashikian, Arman"]
[Black "Korneev, Oleg"]
[Result "1-0"]
[WhiteElo "2592"]
[BlackElo "2550"]
[PlyCount "105"]
[EventDate "2017.??.??"]
[TimeControl "6000+1345"]
[WhiteClock "0:06:31"]
[BlackClock "0:02:36"]

1. d4 d5 2. Nf3 Nf6 3. c4 e6 4. Nc3 Be7 5. g3 dxc4 6. Bg2 Nbd7 7. Nd2 e5 8.
Nxc4 exd4 9. Qxd4 Nb6 10. Qxd8+ Bxd8 11. Na5 c6 12. Nxc6 bxc6 13. Bxc6+ Bd7 14.
Bxa8 Nxa8 15. Be3 Bb6 16. Bxb6 Nxb6 17. f3 Ke7 18. Kf2 Nbd5 19. Nxd5+ Nxd5 20.
Rhd1 Be6 21. Rac1 Rb8 22. b3 Rb7 23. Rc5 Nb4 24. Rd2 Na6 25. Rc1 Nc7 26. e4 g6
27. Ke3 f5 28. Rc5 fxe4 29. Kxe4 Ne8 30. g4 Nf6+ 31. Ke3 h5 32. h3 hxg4 33.
hxg4 Nd7 34. Ra5 Rc7 35. Kf4 Bf7 36. Re2+ Kf6 37. Ra6+ Kg7 38. Rd6 Nc5 39. Kg3
Nb7 40. Rdd2 a5 41. Rc2 Rd7 42. Red2 Re7 43. f4 g5 44. fxg5 Re5 45. Rc7 Nc5 46.
Kf4 Rxg5 47. Rd6 Kg8 48. Rdc6 Ne4 49. Kxe4 Rxg4+ 50. Kf3 Rg7 51. Kf2 a4 52.
bxa4 Rg4 53. Ra6 1-0

[Event "2nd Yerevan Open"]
[Site "?"]
[Date "2017.09.23"]
[Round "5.5"]
[White "Martirosyan, Haik M"]
[Black "Rozum, Ivan"]
[Result "1/2-1/2"]
[WhiteElo "2570"]
[BlackElo "2590"]
[PlyCount "80"]
[EventDate "2017.??.??"]
[TimeControl "6000+1545"]
[WhiteClock "0:51:17"]
[BlackClock "0:55:14"]

1. Nf3 Nf6 2. c4 c5 3. Nc3 e6 4. g3 b6 5. Bg2 Bb7 6. O-O Be7 7. d4 cxd4 8. Qxd4
d6 9. Bg5 a6 10. Bxf6 Bxf6 11. Qf4 O-O 12. Rfd1 Be7 13. Ne4 Bxe4 14. Qxe4 Ra7
15. Nd4 Rc7 16. b3 Rc5 17. a4 Qc7 18. Qb1 Nd7 19. Ra2 Nf6 20. Rc2 Rc8 21. Rdc1
a5 22. Nb5 Qb8 23. e3 Bf8 24. h3 Ne8 25. Nc3 Nf6 26. Nb5 Ne8 27. Nd4 Nf6 28.
Qb2 Qc7 29. Nb5 Qe7 30. Rc3 Ne8 31. Qd2 Nc7 32. Na7 Re8 33. Rd1 d5 34. cxd5
Rxc3 35. Qxc3 Nxd5 36. Qc6 Rd8 37. Nc8 Qc5 38. Qxc5 Bxc5 39. Na7 Rd7 40. Bxd5
Rxa7 1/2-1/2

[Event "2nd Yerevan Open"]
[Site "?"]
[Date "2017.09.23"]
[Round "5.6"]
[White "Aleksandrov, Aleksej"]
[Black "Moskalenko, Alexander"]
[Result "1/2-1/2"]
[WhiteElo "2580"]
[BlackElo "2531"]
[PlyCount "196"]
[EventDate "2017.??.??"]
[TimeControl "6000+1395"]
[WhiteClock "0:01:47"]
[BlackClock "0:03:00"]

1. d4 e6 2. c4 Nf6 3. Nc3 Bb4 4. e3 O-O 5. Bd3 d5 6. cxd5 exd5 7. Nge2 Re8 8.
O-O Bd6 9. Qc2 c6 10. Bd2 b6 11. a3 c5 12. b3 Bb7 13. Rfd1 Na6 14. Nb5 Bf8 15.
Bc3 cxd4 16. Bxd4 Ne4 17. b4 Qg5 18. Rac1 Rec8 19. Qa2 Rxc1 20. Rxc1 Nd6 21.
Nec3 Ne8 22. Ne2 Nd6 23. Ng3 Nxb5 24. Bxb5 Qd8 25. Bd3 Rc8 26. Rd1 Nc7 27. Qb1
g6 28. Qb2 Ne6 29. Bf6 Bg7 30. Bxg7 Nxg7 31. Be4 Qg5 32. Bf3 Ne6 33. h3 Rc7 34.
Qb3 Qe5 35. Ne2 Rc4 36. Qd3 a5 37. bxa5 bxa5 38. Qb1 Bc6 39. Rc1 Be8 40. Rd1
Bc6 41. Qb6 a4 42. Bg4 Qc7 43. Qb2 Qd6 44. Qf6 Qd8 45. Qxd8+ Nxd8 46. Nf4 h5
47. Bf3 Ne6 48. Bxd5 Bxd5 49. Nxd5 Rc2 50. Nb6 Rc3 51. Nxa4 Rxa3 52. Nb6 h4 53.
Nc4 Rc3 54. Ne5 Rc5 55. Nf3 g5 56. Kf1 Kg7 57. Ke2 Ra5 58. Nd4 Kf6 59. Rd2
Nxd4+ 60. exd4 Ke6 61. Ke3 Kd5 62. Rd3 Kc4 63. Rd1 Kd5 64. Rd2 f5 65. Rd1 Rb5
66. Rd3 Ra5 67. Rc3 Rb5 68. Ra3 Rb2 69. Ra5+ Ke6 70. Re5+ Kf6 71. Rc5 Rb3+ 72.
Kd2 g4 73. Rc3 Rb2+ 74. Rc2 Rb3 75. Rc3 Rb2+ 76. Ke3 g3 77. fxg3 Rxg2 78. gxh4
Rg3+ 79. Kd2 Rg2+ 80. Kd3 Rg3+ 81. Kd2 Rg2+ 82. Ke1 Rh2 83. Rd3 Ke6 84. d5+ Kd6
85. Kf1 Rb2 86. h5 Ra2 87. Kg1 Rb2 88. Kf1 Ra2 89. Ke1 Rb2 90. Rd4 Rb3 91. h4
Rb8 92. Kf2 Rh8 93. Kg3 Rxh5 94. Rd1 f4+ 95. Kg4 Rxd5 96. Re1 Re5 97. Rf1 Ke7
98. Rxf4 Re1 1/2-1/2

[Event "2nd Yerevan Open"]
[Site "?"]
[Date "2017.09.23"]
[Round "5.7"]
[White "Andriasian, Zaven"]
[Black "Kislinsky, Alexey"]
[Result "0-1"]
[WhiteElo "2593"]
[BlackElo "2505"]
[PlyCount "94"]
[EventDate "2017.??.??"]
[TimeControl "6000+1130"]
[WhiteClock "0:05:38"]
[BlackClock "0:23:16"]

1. e4 c5 2. Nf3 Nc6 3. Bb5 Nf6 4. Nc3 g6 5. O-O Bg7 6. h3 O-O 7. Bxc6 bxc6 8.
e5 Nd5 9. Ne4 d6 10. c4 f5 11. Ng3 Nb4 12. d4 cxd4 13. a3 Na6 14. Bf4 c5 15.
Re1 Nc7 16. h4 d5 17. b3 Ne6 18. Qd2 Rb8 19. Rab1 Ba6 20. Bh6 dxc4 21. bxc4
Rxb1 22. Rxb1 Bxc4 23. Rc1 Bd5 24. Bxg7 Kxg7 25. Ng5 c4 26. Nxe6+ Bxe6 27. Ne2
d3 28. Nf4 Qb6 29. h5 Rc8 30. hxg6 hxg6 31. Kh2 Rh8+ 32. Kg1 Rh4 33. a4 Kf7 34.
Nh3 Bd5 35. e6+ Kf8 36. Nf4 Rxf4 37. Qxf4 Qxe6 38. Rb1 Qe4 39. Qh6+ Kf7 40.
Qh7+ Kf6 41. f3 Qe3+ 42. Kh2 Qe5+ 43. Kh3 d2 44. Qh6 c3 45. g4 Bxf3 46. Qh8+
Ke6 47. Qc8+ Kf7 0-1

[Event "2nd Yerevan Open"]
[Site "?"]
[Date "2017.09.23"]
[Round "5.8"]
[White "Tabatabaei, M.Amin"]
[Black "Kalashian, David"]
[Result "1-0"]
[WhiteElo "2548"]
[BlackElo "2389"]
[PlyCount "101"]
[EventDate "2017.??.??"]
[TimeControl "6000+1815"]
[WhiteClock "0:25:28"]
[BlackClock "0:30:45"]

1. Nf3 Nf6 2. g3 d5 3. Bg2 c5 4. O-O Nc6 5. d4 cxd4 6. Nxd4 e5 7. Nxc6 bxc6 8.
c4 Be7 9. cxd5 cxd5 10. Nc3 Be6 11. Bg5 e4 12. Qa4+ Qd7 13. Rac1 Qxa4 14. Nxa4
Ng4 15. Bf4 f5 16. Nc5 Bf7 17. f3 Nf6 18. Bh3 g6 19. g4 fxg4 20. fxg4 O-O 21.
Bh6 Rfc8 22. b4 g5 23. Bxg5 Rc6 24. Nb3 Rxc1 25. Rxc1 Bd8 26. Rc6 Bb6+ 27. Rxb6
axb6 28. Bxf6 Rxa2 29. Nd4 h6 30. Bd8 Ra4 31. Be7 Bg6 32. Kf2 Kf7 33. Bd6 Kf6
34. Bf8 Ra3 35. Bg2 h5 36. gxh5 Bxh5 37. h4 Ke5 38. e3 Kf6 39. Bd6 Bg4 40. Bc7
Ra4 41. b5 Kg6 42. Bxb6 Kh5 43. Bd8 Ra8 44. Bg5 Ra2+ 45. Kg3 Ra1 46. b6 Rb1 47.
Bd8 Bc8 48. Bh3 Bxh3 49. Kxh3 Re1 50. Bc7 Rxe3+ 51. Bg3 1-0

[Event "2nd Yerevan Open"]
[Site "?"]
[Date "2017.09.23"]
[Round "5.9"]
[White "Harutyunian, Tigran K"]
[Black "Omidi, Arya"]
[Result "1/2-1/2"]
[WhiteElo "2520"]
[BlackElo "2402"]
[PlyCount "118"]
[EventDate "2017.??.??"]
[TimeControl "6000+1175"]
[WhiteClock "0:16:15"]
[BlackClock "0:38:40"]

1. c4 e5 2. Nc3 Nc6 3. g3 Bb4 4. Nd5 Nf6 5. Nxb4 Nxb4 6. Bg2 O-O 7. d3 Nc6 8.
e4 d6 9. Ne2 Bg4 10. h3 Bxe2 11. Qxe2 Nd4 12. Qd1 Nd7 13. O-O Qe7 14. Be3 c5
15. f4 f6 16. f5 Nb8 17. h4 Nbc6 18. g4 g5 19. hxg5 fxg5 20. Kh2 h6 21. Kg3 Nd8
22. Qd2 Nf7 23. Rh1 Kg7 24. Bf3 a5 25. Bd1 Qd7 26. Qh2 Rg8 27. Rc1 a4 28. Rc3
b6 29. Ra3 Ra7 30. Qd2 Rga8 31. Rc3 Qe7 32. Rc1 Qf6 33. Rh5 Rh8 34. Bf3 Qe7 35.
Rch1 Qf6 36. Bd1 Qe7 37. Qh2 Qf6 38. Qf2 Raa8 39. Qd2 Ra7 40. Bc2 Qe7 41. Qd1
Qd7 42. Qd2 Qe7 43. R1h2 Qf6 44. Qd1 Rha8 45. Qc1 Rh8 46. Qh1 Ra6 47. Qd1 Rha8
48. Qd2 Rh8 49. Rh1 Ra7 50. R5h2 Ra6 51. Bd1 Ra7 52. Qg2 Ra6 53. Qh3 Rg8 54.
Qh5 Kf8 55. Qh3 Kg7 56. Rf1 Ra7 57. Qg2 Rh8 58. Rfh1 Ra6 59. Qd2 Ra7 1/2-1/2

[Event "2nd Yerevan Open"]
[Site "?"]
[Date "2017.09.23"]
[Round "5.10"]
[White "Gabrielian, Artur"]
[Black "Manukyan, Sargis V"]
[Result "1/2-1/2"]
[WhiteElo "2501"]
[BlackElo "2287"]
[PlyCount "51"]
[EventDate "2017.??.??"]
[TimeControl "6000+1735"]
[WhiteClock "0:15:25"]
[BlackClock "0:22:33"]

1. e4 e6 2. d4 d5 3. Nd2 Nc6 4. Ngf3 Nf6 5. e5 Nd7 6. Be2 f6 7. exf6 Qxf6 8.
Nf1 Bd6 9. Ne3 O-O 10. O-O Qg6 11. c3 Nf6 12. Bd3 Qh5 13. Re1 Bd7 14. Nf1 Ng4
15. h3 Nxf2 16. Kxf2 e5 17. dxe5 Nxe5 18. Rxe5 Bxe5 19. Be2 Bd6 20. Be3 Rae8
21. Kg1 c6 22. Rc1 Rf6 23. Ng5 Qh4 24. Nf3 Qh5 25. Ng5 Qh4 26. Nf3 1/2-1/2

[Event "2nd Yerevan Open"]
[Site "?"]
[Date "2017.09.23"]
[Round "5.11"]
[White "Minasian, Artashes"]
[Black "Gharibyan, Mamikon"]
[Result "1-0"]
[WhiteElo "2492"]
[BlackElo "2365"]
[PlyCount "169"]
[EventDate "2017.??.??"]
[TimeControl "6000+865"]
[WhiteClock "0:12:05"]
[BlackClock "0:05:29"]

1. g3 Nf6 2. Bg2 d5 3. Nf3 c6 4. O-O Bf5 5. d3 e6 6. c4 Be7 7. cxd5 exd5 8. Qb3
Qb6 9. Qc2 O-O 10. Nc3 h6 11. e4 dxe4 12. dxe4 Bh7 13. Be3 Qc7 14. Nd4 Na6 15.
a3 Rad8 16. b4 Ng4 17. Bf4 Qc8 18. Nde2 Bf6 19. Rad1 Qe6 20. h3 Ne5 21. Rxd8
Rxd8 22. Rd1 Qe7 23. b5 Nc5 24. bxc6 bxc6 25. Rxd8+ Qxd8 26. Be3 Ned3 27. Qd2
Qe7 28. f3 Bg6 29. Na4 Nxa4 30. Qxd3 Nb2 31. Qa6 Qd7 32. Kh2 Kh7 33. Qxa7 Qd1
34. Nf4 Nc4 35. Bg1 Nd2 36. Qf2 c5 37. Qe2 Qxe2 38. Nxe2 c4 39. a4 Bd8 40. Be3
Nb3 41. Bf1 f6 42. Nc3 Bf7 43. Nb5 Be7 44. Kg2 Bb4 45. Kf2 Kg8 46. Ke2 Nc5 47.
a5 Na6 48. Bd2 c3 49. Nxc3 Bxa5 50. Nd5 Bxd2 51. Kxd2 Nc5 52. Ke3 Kf8 53. Nb6
Be6 54. h4 Nd7 55. Na4 Ke7 56. f4 Kd6 57. Be2 g5 58. Nb2 Nc5 59. Bc4 Bg4 60.
Kd4 Nd7 61. Na4 gxf4 62. gxf4 Nf8 63. Nc3 Ng6 64. Nd5 f5 65. e5+ Kc6 66. Bb3
Bf3 67. Ba4+ Kb7 68. h5 Bxh5 69. e6 Nf8 70. Ke5 Bf3 71. e7 Ng6+ 72. Kxf5 Nxe7+
73. Nxe7 Kc7 74. Ng8 h5 75. Kg5 Kd6 76. Nf6 Ke6 77. Bb3+ Ke7 78. Nxh5 Be4 79.
Ng3 Bd3 80. Bd5 Bc2 81. Be4 Bb3 82. f5 Bc4 83. Nh5 Kf7 84. Nf4 Bb5 85. Bd5+ 1-0

[Event "2nd Yerevan Open"]
[Site "?"]
[Date "2017.09.23"]
[Round "5.12"]
[White "Mirzoyan, David"]
[Black "Hakobyan, Aram"]
[Result "1-0"]
[WhiteElo "2341"]
[BlackElo "2472"]
[PlyCount "87"]
[EventDate "2017.??.??"]
[TimeControl "6000+980"]
[WhiteClock "0:25:49"]
[BlackClock "0:23:44"]

1. d4 Nf6 2. c4 e6 3. Nf3 h6 4. g3 Bb4+ 5. Bd2 Be7 6. Bg2 d5 7. O-O Nbd7 8. Qc2
O-O 9. Rc1 c6 10. Bf4 g5 11. Bd2 Ne4 12. Be1 f5 13. e3 h5 14. Nc3 Qe8 15. Nd2
h4 16. f3 Nxc3 17. bxc3 hxg3 18. hxg3 Nf6 19. Bf2 Bd6 20. Qd3 Qh5 21. Nf1 Rf7
22. a4 Rh7 23. a5 g4 24. f4 Ne4 25. Ra2 Bd7 26. Rb1 Bc8 27. Be1 Bc7 28. Rbb2
Nd6 29. Nd2 Bd8 30. c5 Ne8 31. Nf1 Nf6 32. Qb1 a6 33. Rb4 Rb8 34. Rbb2 Nd7 35.
Ra4 Nf6 36. c4 Bd7 37. Rxb7 Rxb7 38. Qxb7 Ne4 39. Qxa6 e5 40. Qa8 Qe8 41. Rb4
Bc7 42. Qxe8+ Bxe8 43. Bxe4 fxe4 44. a6 1-0

[Event "2nd Yerevan Open"]
[Site "?"]
[Date "2017.09.23"]
[Round "5.13"]
[White "Baghdasaryan, Vahe"]
[Black "Gasparian, Tigran"]
[Result "1-0"]
[WhiteElo "2440"]
[BlackElo "2208"]
[PlyCount "148"]
[EventDate "2017.??.??"]

1. e4 e6 2. d4 d5 3. Nc3 dxe4 4. Nxe4 Nd7 5. Nf3 Ngf6 6. Nxf6+ Nxf6 7. Be3 Be7
8. Bd3 O-O 9. c3 b6 10. Qc2 Bb7 11. O-O-O Bxf3 12. gxf3 g6 13. h4 Nh5 14. Be4
Rc8 15. Bh6 Ng7 16. f4 Bxh4 17. Qe2 Bf6 18. Rh3 Qd6 19. Rdh1 c5 20. Kb1 cxd4
21. Bg5 Bxg5 22. fxg5 h5 23. gxh6 Nf5 24. Bxf5 exf5 25. Rd1 Rfe8 26. Qf1 Re4
27. f3 Rf4 28. Qe2 Rd8 29. h7+ Kh8 30. Re1 Rf8 31. Qd2 d3 32. Re3 Qf6 33. Rxd3
Rh4 34. Rd6 Qe7 35. Rd7 Qxd7 36. Qxd7 Rxh3 37. Qxa7 Kxh7 38. Qxb6 Rxf3 39. a4
f4 40. a5 Rf1+ 41. Kc2 f3 42. Qb7 f2 43. Qg2 Ra1 44. Qxf2 Rxa5 45. Qh4+ Kg8 46.
b4 Rb5 47. Qe7 Rfb8 48. Kd3 R5b7 49. Qf6 Rb6 50. Qe7 R8b7 51. Qe8+ Kg7 52. Qe5+
f6 53. Qe8 g5 54. Ke4 Rb5 55. Kf3 Rf5+ 56. Kg2 Re5 57. Qc6 Reb5 58. Qc8 Re7 59.
Qc6 Reb7 60. Kg3 R5b6 61. Qc8 Re7 62. Qd8 Rbe6 63. b5 Re2 64. Qd5 R2e3+ 65. Kf2
Rxc3 66. b6 Rc2+ 67. Kf3 Rc8 68. Qd6 Rb7 69. Kg4 Rcb8 70. Kf5 Rxb6 71. Qc7+ Kh6
72. Qh2+ Kg7 73. Qc7+ Kh8 74. Kg6 f5+ 1-0

[Event "2nd Yerevan Open"]
[Site "?"]
[Date "2017.09.23"]
[Round "5.14"]
[White "Mkrtchyan, Sargis R"]
[Black "Sargsyan, Shant"]
[Result "0-1"]
[WhiteElo "2115"]
[BlackElo "2436"]
[PlyCount "108"]
[EventDate "2017.??.??"]

1. d4 Nf6 2. c4 e6 3. Nf3 d5 4. g3 Bb4+ 5. Bd2 Be7 6. Bg2 O-O 7. O-O c6 8. Qc2
Nbd7 9. Bf4 b6 10. b3 Ba6 11. a4 Rc8 12. Na3 Bxa3 13. Rxa3 Qe7 14. Raa1 c5 15.
a5 b5 16. cxb5 Bxb5 17. Qb2 Ne4 18. dxc5 Ndxc5 19. Nd4 Bd7 20. Nf3 f6 21. Rfd1
e5 22. Bxe5 fxe5 23. Rxd5 Be6 24. Rxe5 Qf6 25. Rb1 Nxb3 26. Rxe6 Qxe6 27. Qxb3
Rc1+ 28. Bf1 Qxb3 29. Rxb3 Rd8 30. Re3 Nf6 31. h3 Ra1 32. Kg2 Rdd1 33. Nh2 Rxa5
34. Rb3 Raa1 35. e3 Kf8 36. Bd3 a5 37. Nf3 a4 38. Rb8+ Ke7 39. Bc4 Rd8 40. Rb7+
Rd7 41. Rb8 Rc7 42. Rb4 a3 43. Ra4 Ne4 44. Ne5 Nc3 45. Ra6 a2 46. Bg8 Rc8 47.
Bf7 Rc5 48. Ra7+ Kd8 49. Nd3 Rc7 50. Ra8+ Ke7 51. Bb3 Rb7 52. Bg8 Rd1 53. Nc5
Rc7 54. Ne6 Rc8 0-1

[Event "2nd Yerevan Open"]
[Site "?"]
[Date "2017.09.23"]
[Round "5.15"]
[White "Aitbayev, Aslan"]
[Black "Pluzyan, Aram"]
[Result "1-0"]
[WhiteElo "2427"]
[BlackElo "2079"]
[PlyCount "75"]
[EventDate "2017.??.??"]

1. e4 c5 2. Nf3 Nc6 3. Bb5 g6 4. Bxc6 dxc6 5. h3 Bg7 6. d3 e5 7. Be3 Qe7 8. Nc3
Nf6 9. Qd2 Nd7 10. Bh6 Bxh6 11. Qxh6 f6 12. O-O Nf8 13. Nh4 Rg8 14. f4 Qg7 15.
Qxg7 Rxg7 16. fxe5 fxe5 17. Nf3 Re7 18. Rf2 b6 19. Raf1 Nd7 20. Ng5 Ba6 21. b3
Rb8 22. Nd1 b5 23. c4 b4 24. Nb2 Bc8 25. Na4 Rb7 26. Kh2 Rc7 27. Kg3 Rb7 28.
Rf7 h6 29. Rxe7+ Kxe7 30. Nf7 h5 31. Kh4 Rb8 32. Nh8 Kd6 33. Nxg6 Bb7 34. Kxh5
Rg8 35. Kg5 Bc8 36. h4 Rg7 37. h5 Rh7 38. h6 1-0

[Event "2nd Yerevan Open"]
[Site "?"]
[Date "2017.09.23"]
[Round "5.16"]
[White "Melkonyan, Arshak"]
[Black "Yegiazarian, Arsen"]
[Result "0-1"]
[WhiteElo "2064"]
[BlackElo "2421"]
[PlyCount "136"]
[EventDate "2017.??.??"]

1. d4 Nf6 2. c4 e6 3. Nc3 Bb4 4. f3 c5 5. a3 Bxc3+ 6. bxc3 Nc6 7. e4 d6 8. Be3
b6 9. Bd3 O-O 10. Nh3 e5 11. d5 Bxh3 12. gxh3 Ne7 13. Kd2 Ng6 14. Qg1 Nh5 15.
Qg4 Nhf4 16. Rag1 a6 17. Bxf4 exf4 18. a4 Ra7 19. Rb1 b5 20. cxb5 c4 21. Bc2
axb5 22. Rxb5 Qf6 23. Rhb1 Ne5 24. Qg2 Raa8 25. Rb7 Qd8 26. R7b5 Qc7 27. Qf2 g6
28. R1b4 Rfe8 29. Rb1 Re7 30. R1b4 Kg7 31. Rb1 Qd7 32. Qg2 Rae8 33. Rb6 Qc8 34.
R1b5 Qc7 35. Qe2 f6 36. Qg2 Ra8 37. Qf2 Qd7 38. Qf1 Qa7 39. Qe2 Qd7 40. Qg2 Qd8
41. Qf2 Qc8 42. Qg2 Rea7 43. Rb4 Qc5 44. Qe2 Kh6 45. R6b5 Qg1 46. Rb8 Rxb8 47.
Rxb8 Ra6 48. Rb4 Qg5 49. Qf1 Qh5 50. Bd1 f5 51. exf5 Qxf5 52. Be2 Qd7 53. Bxc4
Rxa4 54. Bb3 Rxb4 55. cxb4 Qa7 56. Qe2 Qd4+ 57. Kc2 Qxb4 58. Qf2 Kg5 59. h4+
Kh5 60. Qa7 h6 61. Qf2 Nd3 62. Kxd3 Qxb3+ 63. Ke4 Qc4+ 64. Qd4 Qxd4+ 65. Kxd4
Kxh4 66. Ke4 Kg5 67. Kd4 Kf5 68. h4 g5 0-1

[Event "2nd Yerevan Open"]
[Site "?"]
[Date "2017.09.23"]
[Round "5.17"]
[White "Hayrapetyan, Hovik"]
[Black "Sayadyan, Edvard"]
[Result "1-0"]
[WhiteElo "2472"]
[BlackElo "2011"]
[PlyCount "61"]
[EventDate "2017.??.??"]

1. d4 Nf6 2. c4 g6 3. Nc3 Bg7 4. Nf3 O-O 5. Bg5 c5 6. d5 h6 7. Bh4 d6 8. e3 Bf5
9. Nd2 g5 10. Bg3 Nbd7 11. h4 Bg6 12. hxg5 hxg5 13. e4 Qa5 14. Bd3 Nh7 15. Qc2
Ne5 16. Bxe5 Bxe5 17. Nf3 f6 18. g3 Bxc3+ 19. bxc3 e5 20. dxe6 Rae8 21. Rh6 Kg7
22. Rxg6+ Kxg6 23. e5+ f5 24. Bxf5+ Kg7 25. Bxh7 Rxf3 26. Qg6+ Kf8 27. Qh6+ Ke7
28. Qxg5+ Kf8 29. Qh6+ Ke7 30. Qg7+ Kxe6 31. Qg4+ 1-0

[Event "2nd Yerevan Open"]
[Site "?"]
[Date "2017.09.23"]
[Round "5.18"]
[White "Onischuk, Vladimir"]
[Black "Vardanian, Haik G"]
[Result "0-1"]
[WhiteElo "2638"]
[BlackElo "2355"]
[PlyCount "82"]
[EventDate "2017.??.??"]

1. e4 c5 2. Nf3 e6 3. b3 b6 4. Bb2 Bb7 5. Nc3 Nc6 6. g3 Be7 7. Bg2 Bf6 8. O-O
d6 9. Re1 Qd7 10. Nb5 e5 11. c4 g5 12. d3 g4 13. Nd2 h5 14. Nc3 O-O-O 15. Nd5
Kb8 16. b4 Nxb4 17. Nxb4 cxb4 18. a3 bxa3 19. Rxa3 Ne7 20. Nb1 h4 21. Nc3 Rh5
22. Nd5 Nxd5 23. cxd5 hxg3 24. hxg3 Rc8 25. Qa1 a5 26. Bc1 Rc5 27. Be3 Rb5 28.
Rc1 Bg5 29. Bxg5 Rxg5 30. d4 f6 31. Rcc3 Rb4 32. dxe5 dxe5 33. Qa2 Rg7 34. Qd2
Rg8 35. Qh6 Qg7 36. Qd2 Rc8 37. Rxc8+ Bxc8 38. Bf1 Bb7 39. Bc4 Qh7 40. Bd3 Rd4
41. Qb2 Ka7 {...} 0-1

[Event "2nd Yerevan Open"]
[Site "?"]
[Date "2017.09.23"]
[Round "5.19"]
[White "Li, Bo"]
[Black "Hovhannisyan, Robert"]
[Result "0-1"]
[WhiteElo "2330"]
[BlackElo "2594"]
[PlyCount "140"]
[EventDate "2017.??.??"]

1. Nf3 d5 2. g3 c6 3. Bg2 Bg4 4. h3 Bxf3 5. exf3 e6 6. f4 Ne7 7. d4 Nf5 8. Qd3
Nd7 9. O-O Qb6 10. c3 Be7 11. Nd2 O-O 12. Nf3 c5 13. g4 Nd6 14. Ne5 Rad8 15.
Nxd7 Rxd7 16. dxc5 Qxc5 17. Be3 Qc7 18. f5 Nc4 19. b3 Nxe3 20. Qxe3 exf5 21.
gxf5 Bf6 22. Rad1 Qa5 23. c4 d4 24. Qd3 Re7 25. Be4 Rfe8 26. f3 Qc7 27. Qe2 g6
28. Qg2 Kh8 29. fxg6 hxg6 30. Qh2 Re5 31. Kh1 Qd7 32. Qf4 Kg7 33. Qg4 Qd6 34.
Qg3 Rh8 35. Rd2 Qd7 36. Rh2 Rg5 37. Qf4 Rxh3 38. Rff2 Rhg3 39. Rhg2 Rxg2 40.
Rxg2 Rh5+ 41. Kg1 d3 42. Bd5 Qe7 43. Qe4 Qxe4 44. Bxe4 Bd4+ 45. Rf2 d2 46. Bc2
Re5 47. Kg2 Bxf2 48. Kxf2 Re1 49. b4 d1=Q 50. Bxd1 Rxd1 51. Ke3 Kf6 52. Ke4 Ke6
53. a4 g5 54. a5 f5+ 55. Ke3 Ke5 56. b5 f4+ 57. Ke2 Rd8 58. c5 Kd5 59. c6 bxc6
60. bxc6 Kxc6 61. a6 Kb5 62. Ke1 Kxa6 63. Ke2 Kb5 64. Ke1 a5 65. Ke2 a4 66. Ke1
a3 67. Ke2 a2 68. Ke1 a1=Q+ 69. Ke2 Qd1+ 70. Kf2 Rd2# 0-1

[Event "2nd Yerevan Open"]
[Site "?"]
[Date "2017.09.23"]
[Round "5.20"]
[White "Gevorgyan, Maria"]
[Black "Ter-Sahakyan, Samvel"]
[Result "1/2-1/2"]
[WhiteElo "2294"]
[BlackElo "2577"]
[PlyCount "98"]
[EventDate "2017.??.??"]

1. e4 c5 2. Nc3 d6 3. g3 Nc6 4. Bg2 g6 5. d3 Bg7 6. Nge2 Nf6 7. Bg5 Nd4 8. h3
O-O 9. Qd2 Qb6 10. Rb1 Be6 11. Nc1 Qd8 12. Nd5 Bxd5 13. exd5 h6 14. Bf4 Nh5 15.
Be3 Nf5 16. g4 Nxe3 17. Qxe3 Nf6 18. O-O b5 19. Kh1 Qb6 20. Ne2 Rae8 21. g5
hxg5 22. Qxg5 e6 23. dxe6 Rxe6 24. Ng3 Qa5 25. f4 Qd2 26. Rbc1 Nh7 27. Qh4 Bxb2
28. Rcd1 Qxc2 29. Bd5 Re3 30. f5 g5 31. Qg4 Be5 32. Bf3 Bf4 33. Ne2 Rxe2 34.
Bxe2 Re8 35. Rxf4 Rxe2 36. Rff1 Qxa2 37. Kg1 Qb2 38. d4 c4 39. f6 Qc2 40. Rde1
Rxe1 41. Qc8+ Nf8 42. Rxe1 Qg6 43. Re8 Qh6 44. Qf5 c3 45. Rxf8+ Qxf8 46. Qxg5+
Kh8 47. Qh5+ Kg8 48. Qg5+ Kh8 49. Qh5+ Kg8 1/2-1/2

[Event "2nd Yerevan Open"]
[Site "?"]
[Date "2017.09.23"]
[Round "5.21"]
[White "Petrosyan, Manuel"]
[Black "Pogosyan, Stefan"]
[Result "1-0"]
[WhiteElo "2559"]
[BlackElo "2349"]
[PlyCount "85"]
[EventDate "2017.??.??"]

1. d4 Nf6 2. Nf3 e6 3. Bf4 c5 4. e3 Nc6 5. c3 d5 6. Nbd2 cxd4 7. exd4 Nh5 8.
Be3 Bd6 9. Ne5 g6 10. f4 f6 11. Nd3 O-O 12. Be2 Ng7 13. O-O b6 14. g3 Re8 15.
Bf2 Bf8 16. g4 Bd7 17. Bf3 Rc8 18. Nb3 Re7 19. Bh4 Ne8 20. Qe2 Bg7 21. Rae1 Nd6
22. Nd2 Qc7 23. Qg2 Kh8 24. Rf2 Ree8 25. Bg3 f5 26. gxf5 Nxf5 27. Bg4 Rf8 28.
Nf3 Rce8 29. Qh3 Re7 30. Ng5 Bf6 31. Bxf5 gxf5 32. Qh6 Qd8 33. Rfe2 Qe8 34.
Nxe6 Rff7 35. Nc7 Rxe2 36. Nxe8 Rxe1+ 37. Nxe1 Bxe8 38. Nf3 Ne7 39. Ne5 Bxe5
40. fxe5 Ng6 41. e6 Re7 42. Be5+ Nxe5 43. Qf8# 1-0

[Event "2nd Yerevan Open"]
[Site "?"]
[Date "2017.09.23"]
[Round "5.22"]
[White "Bagheri, Maziar"]
[Black "Kotanjian, Tigran"]
[Result "1-0"]
[WhiteElo "2285"]
[BlackElo "2496"]
[PlyCount "67"]
[EventDate "2017.??.??"]

1. Nf3 d5 2. d4 Nf6 3. c4 c6 4. Nc3 dxc4 5. a4 Bf5 6. Ne5 e6 7. f3 Bb4 8. e4
Bxe4 9. fxe4 Nxe4 10. Bd2 Qxd4 11. Nxe4 Qxe4+ 12. Qe2 Bxd2+ 13. Kxd2 Qd5+ 14.
Kc2 Na6 15. Nxc4 O-O 16. Qe5 f6 17. Qe3 Nb4+ 18. Kb3 a5 19. Qf3 Qc5 20. Qe3 Qf5
21. Rc1 b5 22. Nb6 Rab8 23. axb5 cxb5 24. g4 Qxg4 25. Bh3 Qh4 26. Nd7 Kh8 27.
Rhd1 a4+ 28. Ka3 Nd5 29. Rxd5 exd5 30. Nxb8 Rxb8 31. Rc8+ Rxc8 32. Bxc8 g6 33.
Qe7 h5 34. Be6 1-0

[Event "2nd Yerevan Open"]
[Site "?"]
[Date "2017.09.23"]
[Round "5.23"]
[White "Babujian, Levon"]
[Black "Demianjuk, Alexander"]
[Result "1-0"]
[WhiteElo "2458"]
[BlackElo "2330"]
[PlyCount "109"]
[EventDate "2017.??.??"]

1. c4 g6 2. Nc3 c5 3. h4 Nc6 4. h5 Bg7 5. Nf3 d6 6. d3 a6 7. h6 Bf8 8. g3 Bd7
9. Bg2 Rb8 10. d4 cxd4 11. Nxd4 Ne5 12. Nb3 Bc6 13. Bxc6+ Nxc6 14. Bg5 Qd7 15.
c5 f6 16. Be3 e6 17. cxd6 Qxd6 18. Qxd6 Bxd6 19. O-O-O Be7 20. Ne4 f5 21. Nd6+
Bxd6 22. Rxd6 Nge7 23. Nc5 e5 24. Rhd1 Kf7 25. Kb1 Rhe8 26. Bg5 e4 27. Bf4 Rbd8
28. Nxb7 Ra8 29. Rd7 Kg8 30. R1d6 Rac8 31. Rd1 Ra8 32. Rc1 Ra7 33. Be3 Raa8 34.
Bg5 Ra7 35. Rc7 Rb8 36. Bxe7 Nxe7 37. Rxe7 Raxb7 38. Rc8+ Rxc8 39. Rxb7 Rc6 40.
Rg7+ Kh8 41. a4 Rd6 42. Kc2 Rc6+ 43. Kd2 Rd6+ 44. Kc3 Rc6+ 45. Kd4 e3 46. Kxe3
Rb6 47. Ra7 Kg8 48. a5 Rb3+ 49. Kf4 Rxb2 50. Kg5 Rxe2 51. Kf6 Re8 52. Rxa6 Kf8
53. Ra7 Rc8 54. Rxh7 Rc6+ 55. Kg5 1-0